சிறுவா்களுக்கான மும்மொழி அரிச்சுவடி தமிழ் சிங்களம் ஆங்கிலம்

Saved in:
Bibliographic Details
Format: Book
Language:English
Published: கொழும்பு அஷ்டலஹ்மி பப்ளிசேஷன்
Tags: Add Tag
No Tags, Be the first to tag this record!

MARC

LEADER 00000nam a22000007a 4500
005 20251029110651.0
008 251029b |||||||| |||| 00| 0 eng d
020 |a 978955738100305 
082 |a 371  |b மும்மொ 
245 |a சிறுவா்களுக்கான மும்மொழி அரிச்சுவடி தமிழ் சிங்களம் ஆங்கிலம் 
260 |a கொழும்பு  |b அஷ்டலஹ்மி பப்ளிசேஷன்  
300 |a 32 
942 |c BK 
999 |c 16246  |d 16246